000 00535nam a2200169Ia 4500
008 090201s9999 xx 000 0 und d
010 _aKPL-48259
040 _bमराठी
041 _aमराठी
082 _a35253
_b48259
100 _aजयंत रानडे
245 _aराज करेगा खालसा
_cजयंत रानडे
260 _c2004
_bविनी प्रकाशन
300 _a148
_bमोठा
600 _aराज करेगा खालसा
942 _cBOOK
999 _c233393
_d233393